=LDR 00000nam 2200000 4500 =001 INLIS000000000014460 =005 20130612105735 =008 ***********************************Ind** =035 ##$$0010-061300000014460 =041 ##$$a Ind =082 ##$$a F 297.4 =090 ##$$a F 297.4, Imr p =100 ##$$a Imron, D.Zawawi =245 ##$$a Puisi rukun iman, D.Zawawi Imron =260 ##$$a 2000 $b Yogyakarta =300 ##$$a 15 hlm, Ilus, 14 cm =650 ##$$a Iman =850 ##$$a NBPNMAT